[Event "International tournament"]
[Site "Tel Aviv"]
[Date "1989.04.??"]
[Round "1"]
[White "Winants, Luc"]
[Black "Rechlis, Gad"]
[Result "1/2-1/2"]
[WhiteTitle "IM"]
[WhiteElo "2435"]
[BlackTitle "IM"]
[BlackElo "2500"]
[Source "ChessBase"]

1. d4 Nf6 2. c4 c5 3. d5 g6 4. Nc3 Bg7 5. e4 d6 6. Nf3 O-O 7. Be2 e6 8. O-O
Re8 9. Bf4 exd5 10. exd5 Ne4 11. Nxe4 Rxe4 12. Bg5 Qf8 13. Bd3 Re8 14. Qb3 h6
15. Bd2 Bg4 16. h3 Bxf3 17. Qxb7 Nd7 18. Qxd7 Be4 19. Bxe4 Rxe4 20. Rac1 Bxb2
21. Rce1 Rxc4 22. Qb5 Rc2 23. Qd3 Rxd2 24. Qxd2 Bf6 25. Re4 Kg7 26. Rb1 Qc8
27. Qd3 Qf5 28. g4 Qg5 29. f4 Qh4 30. Kg2 Rc8 31. Rb7 a5 32. Qe2 Bd4 33. Ree7
Rf8 34. Qe1 Qf6 35. Kf3 Kg8 36. Re8 Be5 37. Rxf8+ Kxf8 38. Qe4 g5 39. f5 Bf4
40. Rb8+ Kg7 1/2-1/2

[Event "International tournament"]
[Site "Tel Aviv"]
[Date "1989.04.??"]
[Round "2"]
[White "Levitt, Jonathan Paul"]
[Black "Winants, Luc"]
[Result "1-0"]
[WhiteTitle "IM"]
[WhiteElo "2495"]
[BlackTitle "IM"]
[BlackElo "2435"]
[Source "ChessBase"]

1. d4 Nf6 2. c4 e6 3. Nc3 Bb4 4. Qb3 c5 5. dxc5 Nc6 6. Nf3 Ne4 7. Bd2 Nxc5
8. Qc2 f5 9. a3 Bxc3 10. Bxc3 O-O 11. g3 Ne4 12. Bg2 b6 13. Ne5 Nxe5 14. Bxe5
Bb7 15. f3 Nf6 16. O-O d5 17. Rfd1 Rc8 18. Qa4 Rxc4 19. Qxa7 Rf7 20. Rac1 Bc6
21. Qa6 Ra4 22. Qd3 Qa8 23. Rd2 Nd7 24. Bd6 b5 25. b3 Ra6 26. Rdc2 Nf8 27. Qe3
Qe8 28. f4 h6 29. Bf3 Nh7 30. Bh5 Nf6 31. Bxf7+ Kxf7 32. Qd4 Ne4 33. Be5 Bd7
34. Rc7 Kg6 35. Rxd7 Qxd7 36. Rc7 Qd8 37. Rxg7+ Kh5 38. Qd3 Ng5 39. fxg5 1-0

[Event "International tournament"]
[Site "Tel Aviv"]
[Date "1989.04.??"]
[Round "4"]
[White "Brouk, Ofer"]
[Black "Winants, Luc"]
[Result "1/2-1/2"]
[WhiteTitle "FM"]
[WhiteElo "2415"]
[BlackTitle "IM"]
[BlackElo "2435"]
[Source "ChessBase"]

1. d4 Nf6 2. c4 e6 3. Nf3 b6 4. g3 Bb7 5. Bg2 Bb4+ 6. Bd2 Bxd2+ 7. Qxd2 O-O
8. Nc3 d6 9. O-O Ne4 10. Nxe4 Bxe4 11. Rfd1 Qe7 12. Rac1 Nd7 13. Ne5 Bxg2
14. Nxd7 Qxd7 1/2-1/2

[Event "International tournament"]
[Site "Tel Aviv"]
[Date "1989.04.??"]
[Round "6"]
[White "Shabtai, Ran"]
[Black "Winants, Luc"]
[Result "1/2-1/2"]
[WhiteElo "2335"]
[BlackTitle "IM"]
[BlackElo "2435"]
[Source "ChessBase"]

1. Nf3 Nf6 2. c4 c5 3. g3 d5 4. cxd5 Nxd5 5. Bg2 Nc6 6. Nc3 g6 7. d3 Bg7
8. Bd2 O-O 9. O-O b6 10. Qa4 Bb7 11. Qh4 e6 12. Bg5 f6 13. Bh6 Nde7 14. Bxg7
Kxg7 15. Rfd1 e5 16. Rac1 Qe8 17. Qa4 Rd8 18. a3 Nf5 19. b4 cxb4 20. axb4 Rf7
21. Ne4 h5 22. Rd2 1/2-1/2

[Event "International tournament"]
[Site "Tel Aviv"]
[Date "1989.04.??"]
[Round "7"]
[White "Winants, Luc"]
[Black "Flear, Glenn Curtis"]
[Result "1/2-1/2"]
[WhiteTitle "IM"]
[WhiteElo "2435"]
[BlackTitle "GM"]
[BlackElo "2500"]
[Source "ChessBase"]

1. d4 Nf6 2. c4 e6 3. Nc3 d5 4. Bg5 c6 5. Nf3 Nbd7 6. cxd5 exd5 7. e3 Be7
8. Bd3 O-O 9. Qc2 Re8 10. O-O Nf8 11. Ne5 Ng4 12. Bxe7 Rxe7 13. Nf3 Qd6 14. e4
dxe4 15. Nxe4 Qf4 16. Rfe1 Bd7 17. h3 Nf6 18. Nxf6+ Qxf6 19. Rxe7 Qxe7 20. Re1
Qf6 21. Qb3 1/2-1/2